Βαλκάνια : ιστορικοί και πολιτικοί διαχωρισμοί και ενοποιήσεις : πτυχιακή εργασία
Αποθηκεύτηκε σε:
| Κύριος συγγραφέας: | |
|---|---|
| Συγγραφή απο Οργανισμό/Αρχή: | |
| Άλλοι συγγραφείς: | |
| Μορφή: | Thesis Βιβλίο |
| Γλώσσα: | Greek |
| Δημοσίευση: |
2011
|
| Θέματα: | |
| Διαθέσιμο Online: | http://hdl.handle.net/11610/6214 |
| Ετικέτες: |
Προσθήκη ετικέτας
Δεν υπάρχουν, Καταχωρήστε ετικέτα πρώτοι!
|
MARC
| LEADER | 00000cam a2200000 i 4500 | ||
|---|---|---|---|
| 001 | 1/16441 | ||
| 008 | 111114s2011 gre d | ||
| 035 | |l 10111352 | ||
| 040 | |a GR-MY-UA |b gre |e aacr | ||
| 041 | 0 | |a gre | |
| 082 | 0 | |a 949.6 |2 (22) | |
| 100 | 1 | |a Μαθιός, Γιώργος. | |
| 245 | 1 | 0 | |a Βαλκάνια : |b ιστορικοί και πολιτικοί διαχωρισμοί και ενοποιήσεις : πτυχιακή εργασία / |c Μαθιός Γιώργος ; επιβλέπουσα καθηγήτρια: Πετράκου Ηλέκτρα |
| 260 | |c 2011 | ||
| 300 | |a 64 σ.; |c 30 εκ. | ||
| 502 | |a Πτυχιακή εργασία – Πανεπιστήμιο Αιγαίου, Λέσβος, 2011. | ||
| 504 | |a Βιβλιογραφία: σ. 63-64 | ||
| 650 | 0 | 0 | |a Dissertations, Academic |z Greece. |
| 651 | 0 | |a Balkan Peninsula |x History. | |
| 651 | 0 | |a Balkan Peninsula |x Relations. | |
| 651 | 0 | |a Balkan Peninsula |x Ethnic relations. | |
| 700 | 1 | |4 ths |a Πετράκου, Ηλέκτρα. | |
| 710 | 2 | |a Πανεπιστήμιο Αιγαίου. |b Σχολή Κοινωνικών Επιστημών. |b Τμήμα Γεωγραφίας. | |
| 852 | |a INST |b LESVOS |c DIATR |e 20111114 |h 631 |p 005100051063 |q 005100051063 |t DIE |y 23 | ||
| 852 | |a INST |b LESVOS |c DIATR |e 20111114 |h 632 |p 005100051062 |q 005100051062 |t DIE |y 23 | ||
| 856 | |u http://hdl.handle.net/11610/6214 | ||
| 901 | |a BIBL1-2011-3 | ||
| 909 | |a Λ |b 173084 | ||
| 909 | |a Λ |b 173085 | ||
| 924 | |a ΜΑΘΙΟΣ |b ΓΙΩΡΓΟΣ |y ΛΕΣΒΟΣ |z 2011-02 | ||
| 970 | |a ΤΖΑΦΕΡΗ |b ΕΥΑΓΓΕΛΙΑ |z 2011/11/14 | ||